<?xml version="1.0" encoding="UTF-8"?>
<record
    xmlns:xsi="http://www.w3.org/2001/XMLSchema-instance"
    xsi:schemaLocation="http://www.loc.gov/MARC21/slim http://www.loc.gov/standards/marcxml/schema/MARC21slim.xsd"
    xmlns="http://www.loc.gov/MARC21/slim">

  <leader>00478nam a22001817a 4500</leader>
  <controlfield tag="005">20230206121752.0</controlfield>
  <controlfield tag="008">230206b           ||||| |||| 00| 0 eng d</controlfield>
  <datafield tag="020" ind1=" " ind2=" ">
    <subfield code="a">8173393834</subfield>
  </datafield>
  <datafield tag="040" ind1=" " ind2=" ">
    <subfield code="a">IN-DiNC</subfield>
    <subfield code="c">IN-DiNC</subfield>
  </datafield>
  <datafield tag="041" ind1=" " ind2=" ">
    <subfield code="d">asm</subfield>
  </datafield>
  <datafield tag="082" ind1=" " ind2=" ">
    <subfield code="a">891.4514</subfield>
    <subfield code="b">BOS</subfield>
  </datafield>
  <datafield tag="100" ind1=" " ind2=" ">
    <subfield code="a">Bezbora, Nirajana Mahanta</subfield>
    <subfield code="e">Editor</subfield>
  </datafield>
  <datafield tag="245" ind1=" " ind2=" ">
    <subfield code="a">Abhijanan Sakuntalam</subfield>
    <subfield code="c">by Nirajana Mahanta Bezbora</subfield>
  </datafield>
  <datafield tag="250" ind1=" " ind2=" ">
    <subfield code="a">1st ed.</subfield>
  </datafield>
  <datafield tag="260" ind1=" " ind2=" ">
    <subfield code="a">Dibrugarh:</subfield>
    <subfield code="b">Banalata,</subfield>
    <subfield code="c">2002.</subfield>
  </datafield>
  <datafield tag="300" ind1=" " ind2=" ">
    <subfield code="a">120p.</subfield>
  </datafield>
  <datafield tag="942" ind1=" " ind2=" ">
    <subfield code="2">ddc</subfield>
    <subfield code="c">BK</subfield>
  </datafield>
  <datafield tag="999" ind1=" " ind2=" ">
    <subfield code="c">11493</subfield>
    <subfield code="d">11493</subfield>
  </datafield>
  <datafield tag="952" ind1=" " ind2=" ">
    <subfield code="0">0</subfield>
    <subfield code="1">0</subfield>
    <subfield code="2">ddc</subfield>
    <subfield code="4">0</subfield>
    <subfield code="7">0</subfield>
    <subfield code="8">ASM</subfield>
    <subfield code="a">MAIN</subfield>
    <subfield code="b">MAIN</subfield>
    <subfield code="c">GEN</subfield>
    <subfield code="d">2023-02-06</subfield>
    <subfield code="g">50.00</subfield>
    <subfield code="l">5</subfield>
    <subfield code="o">891.4514 BOS</subfield>
    <subfield code="p">21035</subfield>
    <subfield code="r">2025-02-24 05:48:05</subfield>
    <subfield code="s">2025-02-08</subfield>
    <subfield code="t">1</subfield>
    <subfield code="w">2023-02-06</subfield>
    <subfield code="y">BK</subfield>
  </datafield>
</record>
